000
00305nam a2200133Ia 4500
005
20241122224650.0
008
241122s9999||||xx |||||||||||||| ||und||
082
_b
COL
100
_a
Colo A, Gerald
245
0
_a
Management Thoeory and Practice
260
_b
Cengage
_c
2015
300
_a
637p.
942
_c
BK
999
_c
9412
_d
9412